A spiritual audit of corporate America : (Record no. 16200)

000 -LEADER
fixed length control field 00923cam a22002774a 4500
020 ## - INTERNATIONAL STANDARD BOOK NUMBER
ISBN 0787946664 (hard : alk. paper)
040 ## - CATALOGING SOURCE
Transcribing agency DLC
082 00 - DEWEY DECIMAL CLASSIFICATION NUMBER
Classification number 261 JOS 1999 A009 Or.
100 1# - MAIN ENTRY--AUTHOR NAME
Personal name Mitroff, Ian I.
245 12 - TITLE STATEMENT
Title A spiritual audit of corporate America :
Remainder of title a hard look at spirituality, religion, and values in the workplace /
250 ## - EDITION STATEMENT
Edition statement 1st ed.
260 ## - PUBLICATION, DISTRIBUTION, ETC. (IMPRINT)
Place of publication San Francisco :
Name of publisher Jossey-Bass Publishers,
Year of publication c1999.
300 ## - PHYSICAL DESCRIPTION
Number of Pages xxi, 259 p. :
Other physical details ill. ;
Dimensions 24 cm.
650 #0 - SUBJECT ADDED ENTRY--TOPICAL TERM
Topical Term Work
650 #0 - SUBJECT ADDED ENTRY--TOPICAL TERM
Topical Term Business
650 #0 - SUBJECT ADDED ENTRY--TOPICAL TERM
Topical Term Quality of work life.
650 #0 - SUBJECT ADDED ENTRY--TOPICAL TERM
Topical Term Spiritual life.
650 #0 - SUBJECT ADDED ENTRY--TOPICAL TERM
Topical Term Corporations
650 #0 - SUBJECT ADDED ENTRY--TOPICAL TERM
Topical Term Employees
650 #0 - SUBJECT ADDED ENTRY--TOPICAL TERM
Topical Term Management
700 1# - ADDED ENTRY--PERSONAL NAME
Personal name Denton, Elizabeth A.,
856 42 - ELECTRONIC LOCATION AND ACCESS
Uniform Resource Identifier http://www.loc.gov/catdir/bios/wiley045/99006693.html
856 42 - ELECTRONIC LOCATION AND ACCESS
Uniform Resource Identifier http://www.loc.gov/catdir/description/wiley039/99006693.html
856 4# - ELECTRONIC LOCATION AND ACCESS
Uniform Resource Identifier http://www.loc.gov/catdir/toc/onix07/99006693.html
942 ## - ADDED ENTRY ELEMENTS (KOHA)
Koha item type សៀវភៅភាសាអង់គ្លេស
952 ## - LOCATION AND ITEM INFORMATION (KOHA)
Withdrawn status [LOCAL, KOHA] 0
952 ## - LOCATION AND ITEM INFORMATION (KOHA)
Withdrawn status [LOCAL, KOHA] 0
Holdings
Permanent Location Date acquired Koha item type Lost status Shelving location Barcode Current Location Full call number
Library Block A2018-01-23សៀវភៅភាសាអង់គ្លេស A009A22923Library Block A261 JOS 1999 A009 Or.
Library Block A2018-01-23សៀវភៅភាសាអង់គ្លេស A009A26442Library Block A261 JOS 1999 A009 Or.
មជ្ឈមណ្ឌលឯការនៃសាកលវិទ្យាល័យភូមិន្ទកសិកម្មចំការដូង

Powered by Koha